Life on the ranch / Bobbie Kalman.
Examines various aspects of life on cattle ranches in the nineteenth century, describing the reasons for becoming a rancher or a cowboy, the hard work involved, food and living arrangements, and more.
Record details
- ISBN: 0778701034
- ISBN: 0778700712
- Physical Description: 32 pages : color illustrations ; 28 cm.
- Publisher: New York : Crabtree Pub. Co., 1999.
Content descriptions
| General Note: | Includes index. |
Search for related items by subject
| Subject: | Ranching > West (U.S.) > History > 19th century > Juvenile literature. Ranch life > West (U.S.) > History > 19th century > Juvenile literature. Ranch life > West (U.S.) |
Search for related items by series
| LDR | 01260cam a2200313 a 4500 | ||
|---|---|---|---|
| 001 | 125461 | ||
| 003 | CONS | ||
| 005 | 20140703073302.0 | ||
| 008 | 980826s1999 nyua j 001 0 eng | ||
| 010 | . | ‡a 98042366 | |
| 020 | . | ‡a0778701034 | |
| 020 | . | ‡a0778700712 | |
| 035 | . | ‡a(CPomAG)LMN491688 | |
| 043 | . | ‡an-usp-- | |
| 050 | 0 | 0. | ‡aSF197.5 ‡b.K36 1998 |
| 082 | 0 | 0. | ‡a636/.01/097809034 ‡221 |
| 100 | 1 | . | ‡aKalman, Bobbie, ‡d1947- |
| 245 | 1 | 0. | ‡aLife on the ranch / ‡cBobbie Kalman. |
| 260 | . | ‡aNew York : ‡bCrabtree Pub. Co., ‡c1999. | |
| 300 | . | ‡a32 pages : ‡bcolor illustrations ; ‡c28 cm. | |
| 440 | 0. | ‡aLife in the Old West | |
| 500 | . | ‡aIncludes index. | |
| 520 | . | ‡aExamines various aspects of life on cattle ranches in the nineteenth century, describing the reasons for becoming a rancher or a cowboy, the hard work involved, food and living arrangements, and more. | |
| 650 | 0. | ‡aRanching ‡zWest (U.S.) ‡xHistory ‡y19th century ‡vJuvenile literature. | |
| 650 | 0. | ‡aRanch life ‡zWest (U.S.) ‡xHistory ‡y19th century ‡vJuvenile literature. | |
| 650 | 1. | ‡aRanch life ‡zWest (U.S.) | |
| 914 | . | ‡dLMN_cm | |
| 959 | . | ‡i32269000581424 ‡lJ636.01 Kal ‡aJuvenile - NonFiction ‡tJuv Nonfiction ‡g14.50 | |
| 852 | . | ‡p32269000581424 ‡jJ636.01 Kal ‡gJuvenile - NonFiction ‡cJuv Nonfiction ‡y14.50 ‡bSBPL | |
| 901 | . | ‡a125461 ‡bUnknown ‡c125461 ‡tbiblio | |